00411nam a2200157 a 4500008004100000050001500041100002000056245003600076246002800112250001200140260002600152300001600178350000900194650003700203650001300240120416s1977 ||||||||||||||||| || u aJS 341 Lev aLevin, Melvin R10aCommunity and regional planning aissues in public policy a3rd. ed aLondonbPraegerc1977 axxiii, 278p a0.00 aREGIONAL PLANNING--PUBLIC POLICY aPLANNING